000 00724nam a2200241 a 4500
001 BRCA_5310
005 20190320205027.0
008 021210s1939----fr-a######---#000-0#fre-#
041 _afre
044 _afr
050 4 _aN8070
_b.G44 1939
100 1 _aGheon, Henri
_913620
245 1 0 _aMarie, mère de Dieu
_ctexte d´Henri Gheon ; avec la collaboration de Renee Zeller.
260 _aParís
_bPierre Tisné
_c1939
300 _a29 p.
_bil. (algunas a color), 128 láminas
_c33 cm.
440 0 _aBibliothèque francaise des arts
_913621
500 _aIncluye índice de ilustraciones
500 _aE88
600 1 4 _aMaria, Virgen
_xArte
_913622
700 1 _aZeller, Renee
_913623
902 _aGFM
942 _2lcc
_cB
999 _c5004
_d5004